| 000 | 00639cab a2200193 4500 | ||
|---|---|---|---|
| 001 | WB2941-53 | ||
| 008 | 090401t1993 xxu||||| |||| 00| 0 eng d | ||
| 035 | _a(Sirsi) u62839 | ||
| 041 | _aeng | ||
| 245 | _aMetrication campaign | ||
| 260 | _c1993 | ||
| 350 | _a0 | ||
| 490 |
_aRICS Press Release _v(PR215/93) 2 November 1993 (1) |
||
| 520 | _aFrom 1 January 1995 chartered surveyors practising in both residential and commercial agency will be required by law to work in metric units of measurement. | ||
| 650 | _aMETRICATION | ||
| 690 | _aMANAGEMENT-BUSINESS MANAGEMENT-PROFESSIONAL PRACTICE | ||
| 942 | _n0 | ||
| 948 | _c04/03/1997 | ||
| 999 |
_c39032 _d39032 |
||